SUPPLEMENT TO ENGINEERING CHEMISTRY WITH LABORATORY EXPERIMENTS: AS PER THE LATEST BPUT APPLIED CHEMISTRY SYLLABUS (Record no. 216797)

MARC details
000 -LEADER
fixed length control field 00692nam a22001697a 4500
008 - FIXED-LENGTH DATA ELEMENTS--GENERAL INFORMATION
fixed length control field 260306b |||||||| |||| 00| 0 eng d
020 ## - INTERNATIONAL STANDARD BOOK NUMBER
International Standard Book Number 978-93-87472-15-0
050 ## - LIBRARY OF CONGRESS CALL NUMBER
Classification number QD 33 .M 64 2016
100 ## - MAIN ENTRY--PERSONAL NAME
Personal name MOHATATRA, RANJAN KUMAR
245 ## - TITLE STATEMENT
Title SUPPLEMENT TO ENGINEERING CHEMISTRY WITH LABORATORY EXPERIMENTS: AS PER THE LATEST BPUT APPLIED CHEMISTRY SYLLABUS
250 ## - EDITION STATEMENT
Edition statement EASTERN ECONOMY
260 ## - PUBLICATION, DISTRIBUTION, ETC.
Name of publisher, distributor, etc. PHI,
Date of publication, distribution, etc. 2016,
Place of publication, distribution, etc. University of Technology (BPUT), Odisha.
300 ## - PHYSICAL DESCRIPTION
Extent 118P
650 ## - SUBJECT ADDED ENTRY
Topical term or geographic name entry element 1.Chemistry-Laboratory manuals-Textbooks 2. Engineering chemistry-Textbooks 3. Applied chemistry-Textbooks 4. Chemical experiments-Study and teaching
942 ## - ADDED ENTRY ELEMENTS (KOHA)
Source of classification or shelving scheme Library of Congress Classification
Koha item type Long Loan Book
Holdings
Withdrawn status Lost status Source of classification or shelving scheme Damaged status Not for loan Collection Home library Current library Shelving location Date acquired Inventory number Total checkouts Full call number Barcode Date last seen Copy number Price effective from Koha item type
    Library of Congress Classification     Science & Technology Kisii University Library Kisii University Library On Display 03/06/2026 112131   QD 33 .M64 2016 000000024018 03/06/2026 1 03/06/2026 Long Loan Book
    Library of Congress Classification     Science & Technology Kisii University Library Kisii University Library On Display 03/06/2026 112132   QD 33 .M64 2016 000000024019 03/06/2026 2 03/06/2026 Long Loan Book
    Library of Congress Classification     Science & Technology Kisii University Library Kisii University Library On Display 03/06/2026 112133   QD 33 .M64 2016 000000024020 03/06/2026 3 03/06/2026 Long Loan Book
    Library of Congress Classification     Science & Technology Kisii University Library Kisii University Library On Display 03/06/2026 112134   QD 33 .M 64 2016 000000024093 03/06/2026 4 03/06/2026 Long Loan Book